000 00678nam a2200241 i 4500
001 C2-0149100
003 PPAK
005 20180727131655.0
008 980323s1984 enka|||| ||||| | eng d
020 _a0600036146
040 _aPPAK
_beng
_cPPAK
_erda
082 0 4 _a598.07234
_223
090 0 0 _a598.07234
_bDUR
_dR
100 1 _aDuris, Jaroslav Spirhanzl,
_eauthor
245 1 0 _aSpotting birds :
_ba pocket guide to bird watching
264 1 _aLondon :
_bHamlyn ,
_c1984
300 _a255 pages :
_bcolour illustrations ;
_c17 cm
336 _2rdacontent
_atext
337 _2rdamedia
_aunmediated
338 _2rdacarrier
_avolume
700 _eauthor
942 _ddc
_cB
999 _c47118
_d47118